| 000 | 00637nam a22002051 4500 | ||
|---|---|---|---|
| 003 | OSt | ||
| 005 | 20141222093456.0 | ||
| 008 | 900725s1970 slv spa | ||
| 040 |
_aSpMaBN _bspa _cBMC |
||
| 082 | _a843 | ||
| 100 | 1 |
_aBalzac, Honoré de _d1799-1850 _9515 |
|
| 245 | 1 | 3 |
_aUn asunto tenebroso _cHonoré de Balzac ; prólogo de Carlos Ollero ; [traducción de Pedro Darnell] |
| 260 |
_aNavarra _bSalvat _c1970-1971 |
||
| 300 |
_a176 p., 1 h. _c19 cm |
||
| 490 |
_aBiblioteca Básica Salvat _v39 |
||
| 650 | 2 | 4 |
_911443 _aNovela francesa |
| 700 | 1 |
_aOllero, Carlos _929325 |
|
| 700 | 1 |
_aDarnell, Pedro _929326 |
|
| 942 |
_2ddc _cBK |
||
| 999 |
_c16398 _d16398 |
||